| 000 | 00718cab a2200217 4500 | ||
|---|---|---|---|
| 001 | X3179 | ||
| 008 | 090401t1996 xxu||||| |||| 00| 0 eng d | ||
| 035 | _a(Sirsi) u28979 | ||
| 041 | _aeng | ||
| 245 | _aKilley and Ors v Clough | ||
| 260 | _c1996 | ||
| 350 | _a0 | ||
| 490 |
_aNew Property Cases _v1996 NPC 38 |
||
| 520 | _aCA 7 March 1996. If the court finds on the evidence that co-habitees have formed a common intention to hold a family home in equal shares, it cannot substitute some other proportion. ((NB NO PHOTOOCOPYING ALLOWED) | ||
| 650 | _aCOHABITATION | ||
| 650 | _aEQUAL SHARES | ||
| 650 | _aLAW OF TRUSTS | ||
| 690 | _aPROPERTY LAW AND PRACTICE-CASE LAW | ||
| 942 | _n0 | ||
| 948 | _c04/03/1997 | ||
| 999 |
_c19502 _d19502 |
||